Mots de la langue française terminés par "pan" - Statistiques

Statistiques générales
  • Ce quiz a été pris 150 fois
  • Le résultat moyen est 5 sur 11
Statistiques - réponses
Indice Mot % Correct
garnement chenapan
84%
dieu grec des bergers pan
79%
membrane de l'oreille tympan
73%
marquise maîtresse de Louis XIV Montespan
61%
capitale du Belize Belmopan
53%
instrument de chirurgie trepan
38%
distance entre le pouce et le petit doigt écartés empan
37%
bateau chinois à fond plat sampan
32%
cheval sauvage d'Asie tarpan
13%
poignard sikht kirpan
12%
arbre d'Asie sappan
6%
Aucun quiz correspondant
Distribution des résultats
% des personnes avec chaque résultat
Percentile par nombre de réponses
Votre historique - résultats
Vous n’avez pas pris ce quiz